BBC Sherlock Fun Quiz (2) - Statistics

General Stats
  • This quiz has been taken 1,104 times
  • The average score is 9 of 15
Answer Stats
Hint Answer % Correct
Mrs. Hudson is the _____ of 221b Landlady
89%
What part of a skeleton sits on Sherlock's mantelpiece? Skull
85%
What did John grow in Sherlock's absence? A moustache
83%
Who leaves John and Mary's wedding early? Sherlock
83%
Sherlock recieved 57 texts from ... Irene Adler
82%
Who was seen running on a treadmill? Mycroft Holmes
76%
Sherlock wanted to be a ___ when he was younger Pirate
73%
When is it revealed that Mary is pregnant? Wedding Scene during The Sign of Three
73%
Who never feared pain? Jim Moriarty
72%
What colour is the buttonhole on Sherlock's coat? Red
52%
The Iceman and The ... Virgin
37%
What make of phone does Sherlock have in Series 1? Blackberry
34%
What did the goth girl in TEH ship? Sheriarty / Jimlock
34%
Which plan did Sherlock use to survive the fall? Lazarus
30%
'We'll start with the ... Riding crop.'
25%
No matching quizzes found
Score Distribution
Percent of People with Each Score
Percentile by Number Answered
Your Score History
You have not taken this quiz